000 00640nam a2200205 a 4500
005 20260322212015.0
008 data
010 _a49-002668
096 _aWS 350 K64c 1948
100 1 _aKlein, Melanie.
245 1 0 _aContributions to psycho-analysis, 1921-1945
_cMelanie Klein.
260 _aLondon
_bHogarth Press
_c 1948
300 _a416 p. :
_b illus. ;
_c 23 cm.
490 0 _aInternational psycho-analytical library ; no. 34
500 _aBibliography: p. 391-394.
500 _aThese papers, with one exception, are reprinted from various journals.
650 4 _aPsychoanalysis of children.
650 0 2 _aPsychoanalysis
001 data
999 _c335
_d335